Countries with the Most Diplomatic Missions - Statistics

General Stats
  • This quiz has been taken 2,133 times
    1,256 since last reset
  • The average score is 14 of 15
Answer Stats
# Country % Correct
273 United States
100%
276 China
99%
267 France
98%
208 United Kingdom
98%
224 Germany
97%
242 Russia
96%
215 Spain
95%
209 Italy
94%
247 Japan
94%
222 Brazil
92%
186 India
92%
157 Mexico
87%
183 South Korea
82%
235 Turkey
78%
157 Argentina
71%
No matching quizzes found
Score Distribution
Percent of People with Each Score
Percentile by Number Answered
Your Score History
You have not taken this quiz since the last reset